000 00985cam a2200289 i 4500
001 17960267
003 ARRUPE
005 20161017091642.0
008 131202s2014 nyu b 000 0 eng
010 _a 2013046344
020 _a9780804139144
040 _aDLC
_beng
_erda
_cDLC
_dDLC
042 _apcc
050 0 0 _aBX2350.3
_b.R655 2014
082 0 0 _a248.4/82
_223
100 1 _aRolheiser, Ronald.
_9982
245 1 0 _aSacred fire :
_ba vision for a deeper human and Christian maturity /
_cRonald Rolheiser.
250 _aFirst Edition.
260 _aNew York
_bImage
_c2014
300 _axvi, 344 p. ;
_c22 cm.
504 _aIncludes bibliographical references (pages 315-337).
650 0 _aSpiritual formation
_xCatholic Church.
_926749
650 0 _aSpirituality
_xCatholic Church.
_926750
906 _a7
_bcbc
_corignew
_d1
_eecip
_f20
_gy-gencatlg
942 _2lcc
_cMONOGRAPH
999 _c125512
_d125512